00716nam a2200229Ia 45000010006000000050017000060070003000230080041000260400025000670410008000920820022001001000023001222450062001452500014002072600043002213000027002646530017002916530014003089420012003229520135003349990017004692538820240114000841.0ta060424s2003 a g b000 u 807 u aCotton College Assam a807 a891.431bRa 13 Ra aRajneesh, Govind . 0aRaidas Rachanawali /cGovind Rajneesh.hTextual Documents a1st ed. / aDelhi :bAmar Satya Prakashan ,c2003. a171p. :bill ;c22cm . aHindi poetry aGen-Hindi 2ddccBK 001040708Circulation (G)aSKBLbSKBLd2012-02-01f00000l0o891.431 Ra 13 Rap874/Hindir2024-01-14 00:00:00t1w2012-02-01yBK c25370d25370